Normal view
MARC view
- Kennedy, John Joseph
Entry Personal Name
001 - CONTROL NUMBER
- control field: 5832
003 - CONTROL NUMBER IDENTIFIER
- control field: JO-AjAnu
005 - DATE AND TIME OF LATEST TRANSACTION
- control field: 20230606071240.0
008 - FIXED-LENGTH DATA ELEMENTS
- fixed length control field: 230606|| aca||aabn | a|a d
040 ## - CATALOGING SOURCE
- Original cataloging agency: JO-AjAnu
- Transcribing agency: JO-AjAnu
100 ## - HEADING--PERSONAL NAME
- Personal name: Kennedy, John Joseph
670 ## - SOURCE DATA FOUND
- Source citation: Work cat.: (JO-AjAnu)3022: Kennedy, John Joseph, author, An Introduction to the Design and Analysis of Experiments in Education and Psychology